Le commentaire d'Alexandre d'Aphrodise aux seconds analytiques d'Aristote

Salvato in:
Dettagli Bibliografici
Autore principale: Moraux, Paul (autor)
Natura: Libro
Lingua:francese
Pubblicazione: Berlín De Gruyter 1979
Serie:Peripatoi, 13
Soggetti:
Tags: Aggiungi Tag
Nessun Tag, puoi essere il primo ad aggiungerne!!

MARC

LEADER 00000nam a2200000 a 4500
001 UCZ3711
003 CL-VaPUC
008 951027e19790000GW |||||||||||||||||fre|d
082 0 4 |a 185  |b MOR  |2 21 
100 |a Moraux, Paul  |e autor  |9 617390 
245 1 3 |a Le commentaire d'Alexandre d'Aphrodise aux seconds analytiques d'Aristote 
300 |a 157 p 
942 |c BK 
945 |d 19951027 00:00:00  |a cmena 
260 |a Berlín  |b De Gruyter  |c 1979 
600 0 |a Aristóteles,  |d 384 a.C.- 322 a.C.  |9 194 
650 0 |a Filosofía griega  |9 265579 
650 0 |a Escuelas filosóficas   |9 266232 
650 0 |a Aristotelismo  |9 347069 
583 |a last modification  |c 20121008 06:05:57  |k Rodrigo Vera 
490 0 |a Peripatoi, 13 
999 |c 240160  |d 240158 
952 |0 0  |1 0  |4 0  |6 185_000000000000000_MOR_1979  |7 0  |8 P  |9 251872  |a BIBEDU  |b BIBEDU  |c BIBEDU_PB  |d 2019-11-18  |i 1588109  |o 185 MOR 1979  |p 1588109  |r 2024-01-25  |w 2019-11-18  |y BK  |k FIL